LIBRARY & INFORMATION CENTRE, KCAET, TAVANUR

ONLINE PUBLIC ACCESS CATALOGUE (OPAC)

Manual on evaporation and its restricion from free water surfaces / (Record no. 5560)

MARC details
000 -LEADER
fixed length control field 00508cam a2200181ua 4500
020 ## - INTERNATIONAL STANDARD BOOK NUMBER
ISBN 81-204-1058-0
041 ## - LANGUAGE CODE
Language code of text/sound track or separate title eng
082 ## - DEWEY DECIMAL CLASSIFICATION NUMBER
Classification number 028.72628
Item number VAR/MA
100 ## - MAIN ENTRY--AUTHOR NAME
Personal name Varma, C.V.J.
245 00 - TITLE STATEMENT
Title Manual on evaporation and its restricion from free water surfaces /
250 ## - EDITION STATEMENT
Edition statement 1 /
260 ## - PUBLICATION, DISTRIBUTION, ETC. (IMPRINT)
Place of publication New Delhi :
Name of publisher Oxford & IBH Publishing company ,
Year of publication 1996.
300 ## - PHYSICAL DESCRIPTION
Number of Pages 85 ; .
942 ## - ADDED ENTRY ELEMENTS (KOHA)
Koha item type Books
Holdings
Withdrawn status Lost status Damaged status Home library Current library Date acquired Full call number Accession Number Koha item type
Withdrawn   Damaged KAUAET KAUAET 07/04/2012 028.72628 VAR/MA 20048 Reference
free website counter